000 00722nam a2200241 i 4500
001 bg
245 0 0 _aPrzysłowia świata /
_czebrali i oprac. Danuta i Włodzimierz Masłowscy.
260 _aKęty :
_b"Antyk",
_c1998.
300 _a503, [1] s. ;
_c23 cm.
500 _aTekst gł. tł. z różnych jęz.
504 _aBibliogr. s. [504].
650 9 _aPrzysłowia
700 1 _aMASŁOWSKA, Danuta.
_eOprac.
700 1 _aMASŁOWSKI, Włodzimierz.
_eOprac.
020 _a8390804778
040 _cBPK
041 1 _apl
_hmul
080 _a82-84
920 _a83-908047-7-8
942 _cKS
008 s pl f |000 0 pol
999 _c39731
_d39731
856 _uhttp://koha.tu.koszalin.pl/cgi-bin/koha/opac-detail.pl?biblionumber=39731
_yKatalog online BPK